000 00418nam a2200169Ia 4500
008 240729s9999 xx 000 0 und d
022 _a2673-8783
245 0 _aBiomass
260 _aSwitzerland
260 _bMDPI AG
650 _a Biotechnology
650 _a Chemical technology
650 _aTechnology
856 _uhttps://doaj.org/toc/779cfa8f6af44aaab97258dd4c4e768d
942 _2ddc
942 _cDOAJEJ
999 _c71933
_d71933
945 _a1
_bMadushi Gamage
_c1
_dMadushi Gamage